skbl

Dr Suryya Kumar Bhuyan Library Web-OPAC
ডঃ সূৰ্য্য
কুমাৰ ভূঞা পুথিভঁৰাল ৱেব-অ'পেক

All Research Scholars are advised to clear the annual library fees to continue using Library Resources, Remote Access, Plagiarism Test and Library Clearance.

Cotton University Book Fair 2026

Landmarks of the Freedom Struggle in Assam / (Record no. 11462)

MARC details
000 -LEADER
fixed length control field 00847nam a2200349Ia 4500
001 - CONTROL NUMBER
control field 11475
005 - DATE AND TIME OF LATEST TRANSACTION
control field 20240113235312.0
007 - PHYSICAL DESCRIPTION FIXED FIELD--GENERAL INFORMATION
fixed length control field ta
008 - FIXED-LENGTH DATA ELEMENTS--GENERAL INFORMATION
fixed length control field 050811s1958 g b000 u eng u
040 ## - CATALOGING SOURCE
Original cataloging agency Cotton College,Assam
041 ## - LANGUAGE CODE
Language code of text/sound track or separate title eng
082 ## - DEWEY DECIMAL CLASSIFICATION NUMBER
Classification number 954.085
Item number D 954 L
082 ## - DEWEY DECIMAL CLASSIFICATION NUMBER
Classification number 954.1
Item number D 954 L
082 ## - DEWEY DECIMAL CLASSIFICATION NUMBER
Classification number 954.16
Item number Du 95 La
100 ## - MAIN ENTRY--PERSONAL NAME
Personal name Dutt, KN.
245 #0 - TITLE STATEMENT
Title Landmarks of the Freedom Struggle in Assam /
Statement of responsibility, etc. KN Dutt.
Medium Textual Documents
250 ## - EDITION STATEMENT
Edition statement 1st ed. /
260 ## - PUBLICATION, DISTRIBUTION, ETC.
Place of publication, distribution, etc. Guwahati :
Name of publisher, distributor, etc. Lawyers Book Stall ,
Date of publication, distribution, etc. 1958.
300 ## - PHYSICAL DESCRIPTION
Extent 130p. ;
Dimensions 22cm.
653 ## - INDEX TERM--UNCONTROLLED
Uncontrolled term History-Assam
653 ## - INDEX TERM--UNCONTROLLED
Uncontrolled term G-History
942 ## - ADDED ENTRY ELEMENTS (KOHA)
Source of classification or shelving scheme Dewey Decimal Classification
Koha item type Books
Holdings
Withdrawn status Lost status Damaged status Not for loan Collection Home library Current library Date acquired Coded location qualifier Total checkouts Full call number Barcode Date last seen Copy number Price effective from Koha item type Date last checked out
          Dr. Suryya Kumar Bhuyan Library Dr. Suryya Kumar Bhuyan Library 01/02/2012 00000   954.085 D 954 L 81024 13/01/2024 5 01/02/2012 Books  
          Dr. Suryya Kumar Bhuyan Library Dr. Suryya Kumar Bhuyan Library 01/02/2012 00000   954.085 D 954 L 34641 13/01/2024 8 01/02/2012 Books  
          Dr. Suryya Kumar Bhuyan Library Dr. Suryya Kumar Bhuyan Library 01/02/2012 00000   954.085 D 954 L 35306 13/01/2024 1 01/02/2012 Books  
          Dr. Suryya Kumar Bhuyan Library Dr. Suryya Kumar Bhuyan Library 01/02/2012 00000   954.085 D 954 L 38974 13/01/2024 3 01/02/2012 Books  
          Dr. Suryya Kumar Bhuyan Library Dr. Suryya Kumar Bhuyan Library 01/02/2012 00000   954.085 D 954 L 63812 13/01/2024 6 01/02/2012 Books  
          Dr. Suryya Kumar Bhuyan Library Dr. Suryya Kumar Bhuyan Library 01/02/2012 00000   954.085 D 954 L 63813 13/01/2024 7 01/02/2012 Books  
          Dr. Suryya Kumar Bhuyan Library Dr. Suryya Kumar Bhuyan Library 01/02/2012 00000   954.085 D 954 L 75,818 13/01/2024 2 01/02/2012 Books  
          Dr. Suryya Kumar Bhuyan Library Dr. Suryya Kumar Bhuyan Library 01/02/2012 00000 1 954.085 D 954 L 81022 21/05/2024 4 01/02/2012 Books 30/04/2024

Designed and Maintained by Team SKBL
©1901-2026

Powered by Koha